[Event "19th Prague Open-A 2020"]
[Site "Prague"]
[Date "2020.01.11"]
[Round "2.6"]
[White "Lalic, Bogdan"]
[Black "Kakushadze, Ilia"]
[Result "1-0"]
[WhiteElo "2402"]
[BlackElo "2149"]
[Annotator "TA"]
[PlyCount "47"]
[EventDate "2020.01.10"]
[EventType "swiss"]
[EventCountry "CZE"]
[SourceTitle "playchess.com"]
[Source "ChessBase"]
[SourceQuality "1"]

{[%evp 9,47,26,30,-2,27,18,51,41,24,33,22,20,62,55,92,52,50,37,59,59,59,54,55,56,71,39,95,117,120,93,452,473,472,473,466,466,453,429,708,695]} 1. d4 Nf6 2. c4 e6 3. Nf3 d5 4. Bg5 h6 5. Bxf6 Qxf6 6. Nbd2 {D30: Queen's Gambit Declined: Systems without Nc3} (6. e3 g6 7. Nbd2 Bg7 8. Bd3 Qe7 9. O-O O-O 10. Rc1 c6 11. Ne5 dxc4 12. Ndxc4 c5 13. Bxg6 fxg6 14. Nxg6 {1-0 (42) Aravindh,C (2605)-Giri,A (2769) Moscow 2019}) 6... Bb4 7. Rc1 Nc6 8. e3 {White is slightly better.} O-O 9. a3 Bxd2+ 10. Qxd2 Rd8 11. Qc3 Re8 $146 ({Predecessor:} 11... dxc4 12. Bxc4 Ne7 13. O-O b6 14. Be2 Nd5 15. Qc6 Bd7 16. Qc2 c5 {1-0 (42) Indjic,A (2630)-Anand,N (2373) Caleta 2019}) 12. cxd5 exd5 13. Bb5 Re6 14. O-O Qd8 15. b4 {[%cal Bb2b4,Bb4b5][%mdl 32]} Bd7 16. Bd3 Rc8 17. Nd2 Qg5 (17... Ne7 $14) 18. b5 $16 {[#] Threatens to win with Nf3.} Ne7 19. Qa5 Rxe3 $2 {[%mdl 8192]} (19... Rb6 $16 {is a better chance.}) 20. fxe3 $18 {White is clearly winning.} Qxe3+ 21. Rf2 Qxd3 22. Rxc7 {[%mdl 64] [#] Double Attack} b6 23. Qxa7 Qxd4 (23... Be6 $142 24. Qxb6 Qxa3) 24. Rxc8+ {[%mdl 64] Pin. Accuracy: White = 60%, Black = 29%.} 1-0

[Event "19th Prague Open-A 2020"]
[Site "Prague"]
[Date "2020.01.11"]
[Round "2.7"]
[White "Balinski, Damian"]
[Black "Quesada Vera, Liordis"]
[Result "1/2-1/2"]
[WhiteElo "2139"]
[BlackElo "2386"]
[Annotator "TA"]
[PlyCount "147"]
[EventDate "2020.01.10"]
[EventType "swiss"]
[EventCountry "CZE"]
[SourceTitle "playchess.com"]
[Source "ChessBase"]
[SourceQuality "1"]

{[%evp 12,147,24,20,21,19,25,19,20,12,20,14,21,13,10,8,8,-43,-18,-18,8,8,18,0,27,-36,16,0,0,0,31,14,33,14,35,-18,0,-37,-37,-42,-38,-72,-19,-14,0,15,147,-88,-88,-83,-78,-112,-112,-226,-226,-226,-226,-226,-226,-226,-226,-226,-226,-226,-226,-226,-226,-223,-113,-216,-168,-226,-226,-226,-226,-219,-80,-80,-80,-87,-87,-87,-66,-110,-102,-102,-80,-80,-42,-80,-47,-80,0,0,0,0,0,0,0,0,0,0,0,0,0,0,0,0,0,0,0,0,0,0,0,0,0,0,0,0,0,0,0,0,0,0,0,0,0,0,0,0,0,0,0,0,0,0]} 1. d4 Nf6 2. c4 c5 3. d5 b5 4. Nf3 Bb7 5. a4 Qa5+ 6. Bd2 b4 7. Qc2 g6 {A57: Benko/Volga Gambit} 8. e4 d6 9. Bd3 Bg7 10. O-O Nbd7 11. Bf4 O-O 12. Nbd2 Nh5 13. Bg5 Rae8 {[#]} 14. g4 $146 ({White should try} 14. Be3 $11) ({Predecessor:} 14. Rae1 e5 15. g3 Bc8 16. Nh4 {1-0 (43) Georgiev,K (2676)-Tregubov,P (2628) Ohrid 2001}) 14... Nhf6 $15 15. h3 e6 16. Bf4 Qc7 17. Rae1 e5 18. Bg3 (18. Be3 $11) 18... Kh8 (18... h5 $15) 19. Kg2 Bc8 20. Rh1 Nb6 21. Nf1 h5 22. Ne3 Kg8 {[%cal Rh5g4]} 23. Nh2 (23. a5 $14 Na8 24. Be2) 23... Bh6 24. f3 Kg7 25. b3 Rh8 26. Rhf1 {[#]} Bf4 (26... Qe7 $1 $17) 27. Qb2 $1 $11 g5 28. Bxf4 exf4 {[#]} (28... gxf4 $11 29. Nf5+ Bxf5 30. exf5 hxg4 31. fxg4 Reg8) 29. Nf5+ $2 (29. h4 $1 $16 {is necessary to keep the advantage.}) 29... Bxf5 $1 $17 30. exf5 {Black must now prevent h4!} h4 31. Re4 Nbd7 $36 {[%mdl 2048] Keeping White busy.} 32. Rfe1 (32. Ree1 $17) 32... Ne5 $19 33. Rxe5 Rxe5 ({Don't play} 33... dxe5 34. Nf1 $17) 34. Rxe5 dxe5 35. Be4 Rb8 36. Nf1 Rb6 37. Nd2 Kg8 38. Qa1 Ra6 39. Qb2 Nd7 (39... Qe7 $19 40. Qa1 Kg7) 40. Kf2 (40. Bd3 $17) 40... f6 41. Ke2 (41. Bb1 {was worth a try.}) 41... Kf7 42. Kf2 Nb6 43. Bc2 e4 (43... Nc8 $19 44. Ne4 Nd6) 44. Nxe4 $17 Nd7 45. Kg2 Rb6 46. Bd3 Rb8 47. Bc2 Re8 48. Bd3 Re5 49. Qa1 Qb8 50. Qb2 Ke7 (50... a5 {with more complications.} 51. Qd2 Re8 52. d6 Re5 53. Bc2 Qe8) 51. Bc2 Rxe4 (51... Qd8 $17) 52. Bxe4 $11 {The position is equal.} Kd6 53. Kf2 Qe8 54. Ke2 Qe7 55. Qa1 Ne5 56. Qb2 Nf7 57. Qa1 Nd8 58. Qb2 Nb7 59. Kd2 Kc7 60. Kd3 Na5 61. Ke2 Qd6 62. Kd2 Nc6 63. Ke2 Na5 64. Kf2 Qe7 65. Ke2 Kd6 66. Ke1 Qe5 67. Qxe5+ Kxe5 {[%mdl 4096] Endgame KB-KN} 68. Bc2 Kd4 69. Kd2 a6 70. Bd1 Nb7 71. Be2 Nd6 72. Bd1 Nf7 73. Be2 Ne5 74. Bd1 {Accuracy: White = 53%, Black = 59%.} 1/2-1/2

[Event "19th Prague Open-A 2020"]
[Site "Prague"]
[Date "2020.01.11"]
[Round "2.8"]
[White "Kozak, Antoni"]
[Black "Ochedzan, Tymon"]
[Result "1-0"]
[WhiteElo "2380"]
[BlackElo "2140"]
[Annotator "TA"]
[PlyCount "111"]
[EventDate "2020.01.10"]
[EventType "swiss"]
[EventCountry "CZE"]
[SourceTitle "playchess.com"]
[Source "ChessBase"]
[SourceQuality "1"]

{[%evp 14,110,37,20,68,59,66,72,84,85,101,90,93,45,76,72,79,87,100,102,87,85,89,92,114,54,122,116,123,128,127,113,134,131,166,166,166,166,166,166,166,166,184,175,160,160,159,126,127,120,139,139,145,145,197,177,187,105,89,84,203,202,254,222,222,214,295,216,239,238,335,312,963,945,1183,1156,1157,1151,1517,1480,2691,2514,29989,29990,29991,29989,29989,29990,29991,29991,29992,29993,29993,29994,29994,29995,29996,29997,29999]} 1. d4 Nf6 2. c4 g6 3. Nc3 Bg7 4. e4 d6 5. Nf3 O-O 6. h3 Na6 7. Bg5 Qe8 8. g4 c5 {E90: King's Indian: Classical: Early deviations and 6 h3} 9. Qd2 cxd4 (9... b6 10. Rd1 cxd4 11. Nxd4 Bb7 12. f3 Nc5 13. Bh6 a6 14. Be2 Rd8 15. h4 e5 16. Nf5 Bxh6 17. Qxh6 Ne6 18. Nd5 Nxd5 19. cxd5 gxf5 20. gxf5 Kh8 21. Qf6+ Ng7 22. Rg1 Rg8 23. h5 {1-0 (23) Nepomniachtchi,I (2717)-Ponomariov,R (2756) Riga 2013}) 10. Nxd4 b6 $146 {White is better.} ({Predecessor:} 10... Nc5 11. f3 Qd8 12. Be3 a6 13. Be2 Re8 14. Rd1 b6 15. b4 Ncd7 16. h4 {1-0 (31) Lysyj,I (2612)-Klimov,S (2501) St Petersburg 2009}) 11. O-O-O Nc5 {[#]} 12. f3 $1 Ne6 13. Nxe6 Bxe6 14. Kb1 Rc8 15. Nd5 Bxd5 16. cxd5 Rc5 17. h4 Qa4 18. Bd3 Rfc8 19. a3 (19. h5 $16) 19... Qb3 ({Black should try} 19... a5 $14) 20. Qb4 $16 Qxb4 21. axb4 R5c7 22. Ba6 $36 {[%mdl 2048] Black is under strong pressure.} Ra8 23. Rc1 Rxc1+ 24. Rxc1 ({Don't take} 24. Bxc1 $6 Rf8 $16) 24... h6 25. Be3 Ne8 26. Ka2 Kf8 27. Kb3 e6 28. dxe6 fxe6 29. Bc4 Ke7 30. Ra1 Nc7 31. Bd3 e5 32. b5 Kd7 33. Bc4 Rf8 (33... Kc8 $16 34. Bf7 Kb7) 34. Kc2 $18 Ra8 35. Bf7 (35. g5 $18 hxg5 36. hxg5 (36. Bxg5 Bf8 $16)) 35... Nxb5 $16 36. Bxg6 Rc8+ (36... Nd4+ $16 37. Kd3 Nc6) 37. Kd3 $18 {[#] Hoping for Bf5+.} Rc7 38. g5 hxg5 39. hxg5 Kc8 40. Rh1 {Be8 is the strong threat.} Re7 41. Bf5+ Kb7 (41... Kd8 $142 42. Rh6 Kc7) 42. Rh7 Nc7 $2 (42... Bf8 43. g6 Rxh7 44. gxh7 Bg7) 43. g6 Ne8 44. Bg5 Rc7 45. Bd8 Rc1 46. Bd7 Ka8 47. Bxe8 Rc8 48. Rxg7 {White mates.} Rxd8 {[%mdl 4096] Endgame KRB-KR} 49. Bc6+ Kb8 50. Kc4 a6 51. Kd5 Rf8 52. Rf7 Rd8 53. g7 Rg8 54. Rf8+ Rxf8 55. gxf8=Q+ Ka7 56. Qa8# {Accuracy: White = 74%, Black = 36%.} 1-0

[Event "19th Prague Open-A 2020"]
[Site "Prague"]
[Date "2020.01.11"]
[Round "2.9"]
[White "Eriksson, Christian Altenburg"]
[Black "Neuman, Petr"]
[Result "1/2-1/2"]
[WhiteElo "2121"]
[BlackElo "2371"]
[Annotator "TA"]
[PlyCount "60"]
[EventDate "2020.01.10"]
[EventType "swiss"]
[EventCountry "CZE"]
[SourceTitle "playchess.com"]
[Source "ChessBase"]
[SourceQuality "1"]

{[%evp 9,60,0,0,-1,8,41,42,12,16,4,36,22,33,28,17,20,39,27,58,69,33,-21,-27,-14,33,-17,18,18,18,18,18,9,18,10,20,21,26,18,17,18,18,23,58,1,4,0,0,0,0,0,0,-6,0]} 1. e4 c5 2. c3 Nf6 3. e5 Nd5 4. Nf3 d6 5. Bc4 (5. d4 cxd4 6. cxd4 Nc6 7. Bc4 e6 8. O-O Be7 9. Bd2 O-O 10. Nc3 Nxc3 11. Bxc3 dxe5 12. dxe5 Qxd1 13. Rfxd1 Rd8 14. Rxd8+ Bxd8 15. Rd1 Be7 16. Bd3 Kf8 {1-0 (56) Mamedov,R (2659)-Dubov,D (2690) Moscow 2019}) 5... Nb6 6. Bb3 {B22: Sicilian: 2 c3} c4 7. Bc2 Bg4 8. exd6 {White is slightly better.} (8. h3 $5 {[%cal Rh3g4]} Bh5 9. exd6 $11) 8... Qxd6 9. O-O Nc6 10. Re1 $146 {[#]} ({Predecessor:} 10. h3 Bh5 11. b3 Qd5 12. Re1 Bxf3 13. Qxf3 Qxf3 14. gxf3 O-O-O 15. a4 e6 16. a5 cxb3 17. axb6 bxc2 18. bxa7 Nxa7 {0-1 (37) Groeger,S (2150)-Schuetze,N (2282) Germany 2018}) 10... Ne5 $1 {[%mdl 512]} 11. Rxe5 {Ra5 is the strong threat.} Bxf3 $1 12. Qe1 Bd5 13. b3 f6 14. Re3 Qc6 15. Be4 ({Better is} 15. Na3 $14) 15... e5 $11 16. Ba3 Bc5 (16... Rd8 {with more complications.} 17. Bxf8 Kxf8 18. Na3 Kf7 19. h3 Rhe8) 17. Bxd5 Qxd5 18. Bxc5 Qxc5 19. d4 cxd3 20. Rxd3 O-O 21. Qd2 Qe7 22. c4 Rad8 23. Nc3 Rxd3 24. Qxd3 Rd8 25. Qf3 Rd2 26. g3 (26. Ne4 $14 Rd4 27. Rd1) 26... Qd7 {[#] White must now prevent ...Rd3.The position is equal.} 27. Rd1 Rxd1+ 28. Qxd1 Qxd1+ 29. Nxd1 Kf7 30. Nc3 Ke6 {Accuracy: White = 54%, Black = 53%.} 1/2-1/2

[Event "19th Prague Open-A 2020"]
[Site "Prague"]
[Date "2020.01.11"]
[Round "2.10"]
[White "Peng, Hongchi"]
[Black "Kristiansen, Willy M"]
[Result "1-0"]
[WhiteElo "2362"]
[BlackElo "2137"]
[Annotator "TA"]
[PlyCount "75"]
[EventDate "2020.01.10"]
[EventType "swiss"]
[EventCountry "CZE"]
[SourceTitle "playchess.com"]
[Source "ChessBase"]
[SourceQuality "1"]

{[%evp 11,74,15,20,-25,-8,-11,0,0,0,0,0,0,3,-42,-39,-89,-14,-10,11,16,48,29,34,46,41,47,46,42,41,44,27,27,52,47,36,36,29,16,6,16,139,125,674,571,563,463,455,460,443,403,357,357,357,357,331,348,324,333,29989,29990,29990,29991,29997,29998,29999]} 1. e4 e5 2. Nf3 Nc6 3. Bb5 Nf6 4. d3 Bc5 5. O-O d6 6. c3 O-O 7. d4 {C65: Ruy Lopez: Berlin Defence (3...Nf6), unusual lines and 4 0-0 Bc5} Bb6 8. a4 $146 {[%cal Ba2a4,Ba4a5][%mdl 32] Hoping for Bxc6.} ({Predecessor:} 8. Qd3 exd4 9. cxd4 Bg4 10. Bxc6 bxc6 11. Nc3 Bxf3 12. gxf3 Qd7 13. Kh1 Nh5 14. Rg1 Qh3 {0-1 (48) Polgar,J (2711)-Anand,V (2792) Reykjavik 2006}) 8... a6 (8... Nxe4 9. Bxc6 bxc6 10. a5 $16) 9. Bxc6 $1 {The position is equal.} bxc6 10. a5 Ba7 11. dxe5 Nxe4 12. Qa4 (12. Nbd2 $5 {[%cal Rd2e4]} Bf5 13. Nxe4 Bxe4 14. Re1 $11) 12... Nc5 13. Qc2 f6 ({Black should try} 13... dxe5 $1 $17 {next ...Qd3 is good for Black.} 14. Be3 Qd3) 14. exd6 $11 cxd6 15. Be3 Qc7 16. Nbd2 Be6 17. b4 Nd7 18. Bxa7 Rxa7 19. Rfe1 Bf7 20. Re7 Qd8 21. Rae1 Ra8 22. R7e3 c5 23. Ne4 {[%cal Bd2e4,Be4g3,Bg3f5,Bf5h6,Bh6g4][%mdl 32]} Qc7 24. Qd2 d5 25. Ng3 $36 {[%mdl 2048] White has good play.} g6 (25... Qf4 $1 $11 {remains equal.}) 26. Re7 $16 {And now Nh4 would win.} Qd6 $2 {[%mdl 8192]} (26... cxb4 $16 27. cxb4 Rae8) 27. Nh4 (27. Qh6 Rfe8 $16) 27... f5 {intending ...f4.} 28. bxc5 Nxc5 29. Nhxf5 (29. Qh6 Ne4 $16) 29... gxf5 30. Nxf5 Qf6 31. Nh6+ $1 Kg7 {[#] ...Ne4 is the strong threat.} 32. Ng4 $1 {[%cal Rg4f6]} ({Weaker is} 32. Nxf7 Ne4 $16) ({Worse is} 32. Rxf7+ Rxf7 33. Nxf7 Ne4 $11) 32... Nb3 33. Qe3 ({Stronger than} 33. Nxf6 Nxd2 34. Nxd5 Rae8 $17) 33... Qd6 {[#]} 34. Qg5+ $1 Kh8 $2 {[#]} (34... Qg6 $18 35. Qe5+ Kg8 36. Nf6+ {[%mdl 64] Double Attack} Kh8 37. Nxd5+ Qg7) 35. R1e6 $1 {[%mdl 576] Decoy. White mates.} Qxe6 36. Rxe6 Bxe6 37. Qe5+ {[%mdl 64] Double Attack} Kg8 38. Nh6# {Accuracy: White = 76%, Black = 40%.} 1-0

[Event "19th Prague Open-A 2020"]
[Site "Prague"]
[Date "2020.01.11"]
[Round "2.11"]
[White "Mis, Mieszko"]
[Black "Hrbek, Stepan"]
[Result "0-1"]
[WhiteElo "2349"]
[BlackElo "2126"]
[Annotator "TA"]
[PlyCount "128"]
[EventDate "2020.01.10"]
[EventType "swiss"]
[EventCountry "CZE"]
[SourceTitle "playchess.com"]
[Source "ChessBase"]
[SourceQuality "1"]

{[%evp 11,128,23,20,16,11,10,20,10,10,14,14,14,10,8,15,12,11,0,0,-24,-2,-15,-14,-54,-56,-46,-45,-63,-62,-86,-64,-96,-94,-117,-132,-114,-93,-89,-70,-118,-116,-338,-321,-315,-276,-275,-273,-344,-269,-277,-279,-283,-283,-283,-278,-283,-268,-268,-268,-268,-268,-268,-268,-268,0,-268,0,-275,-275,-268,-268,-275,-268,-268,-275,-275,-269,-275,-268,-268,-268,-268,-268,-298,-303,-300,-289,-304,-170,-223,-130,-149,-129,-145,-145,-455,-468,-836,-787,-2900,-3613,-2733,-1744,-3235,-2700,-29961,-29963,-29965,-29963,-29976,-29977,-29982,-29982,-29987,-71,-29988,-29989,-29989,-29990]} 1. Nf3 ({Predecessor:} 1. d4 Nf6 2. c4 e6 3. g3 d5 4. Bg2 dxc4 {½-½ (22) Yuffa,D (2577)-Potkin,V (2583) Sochi 2019}) 1... d5 2. d4 Nf6 3. g3 e6 4. c4 dxc4 5. Bg2 a6 6. O-O Nc6 7. Bg5 $146 {E04: Open Catalan: 5 Nf3} (7. Nbd2 b5 8. b3 Rb8 9. Bb2 cxb3 10. Nxb3 Be7 11. Rc1 Bb7 12. Ne1 Na7 13. Bxb7 Rxb7 14. Nd3 O-O {½-½ (41) Vidit,S (2722)-Nakamura,H (2741) Kolkata 2019}) 7... Be7 8. e3 O-O 9. Nbd2 {The position is equal.} e5 $1 {[%cal Re5d4]} 10. Nxc4 exd4 $1 11. Nxd4 Nxd4 12. Qxd4 Qxd4 13. exd4 h6 14. Bf4 Be6 15. Na5 Nd5 16. Bd2 Bf6 17. Rad1 Rab8 ({Much weaker is} 17... Bxd4 18. Bxh6 $1 {[%mdl 512]} Bb6 19. Nc4 $14 (19. Bxd5 Bxa5 20. Bxe6 gxh6 $11) (19. Nxb7 gxh6 20. Bxd5 Rab8 $11)) 18. Rfe1 Rfd8 19. Bc3 c6 20. Nb3 b6 ({Much worse is} 20... Nxc3 $6 21. bxc3 Bg4 22. Rc1 $11) 21. Rc1 a5 {[%cal Ba6a5,Ba5a4][%mdl 32]} 22. Red1 a4 23. Nd2 Nxc3 24. bxc3 c5 25. dxc5 bxc5 26. a3 $2 (26. Bc6 $17) 26... Bb3 $19 27. Nxb3 Rxd1+ ({Worse is} 27... Rxb3 28. Rxd8+ Bxd8 29. Re1 $11) 28. Rxd1 axb3 {[%mdl 4096] Endgame KRB-KRB} 29. Bd5 Bxc3 30. Kf1 b2 {White must now prevent ...Rd8.} 31. Be4 g6 32. Bc2 Re8 33. a4 c4 34. Bb1 Bf6 35. Re1 Rd8 36. Ke2 Bc3 {And now ...Re8+ would win.} 37. Rd1 Re8+ 38. Kf1 $1 Bf6 39. Re1 $1 {[%cal Re1e8]} Ra8 40. Bc2 Rd8 41. Ke2 Bc3 {...Re8+ is the strong threat.} 42. Rd1 Re8+ 43. Kf1 Kf8 44. Bb1 Bf6 45. Bc2 c3 46. Bb1 h5 47. h4 Re6 48. Bc2 Ke7 49. Bb1 {If White can now play Re1 this consolidates a bit.} Bg7 (49... Rc6 $142 {Strongly threatening ...c2!} 50. Bc2 Rc4) 50. Bc2 (50. Re1 $142) 50... Bh6 ({Better is} 50... Kf6 $19 51. Rd5 Re7) 51. Re1 $17 Rxe1+ $1 52. Kxe1 {KB-KB} Kd6 53. Bb1 $2 {[%mdl 8192]} (53. a5 $17 {nothing else works.}) 53... Kc5 $19 54. Kd1 (54. Ke2 $142 Bg7 55. Kd3) 54... Kb4 55. Kc2 Bd2 56. Ba2 f6 57. Bf7 Kxa4 58. Bxg6 Ka3 $1 {[%cal Ra3a2]} 59. Bf7 Be1 60. f3 Bxg3 61. Kb1 Bxh4 62. Bxh5 {[#]} c2+ $1 {[%mdl 64] Deflection, Promotion} 63. Kxc2 {[#]} Ka2 $1 64. Bf7+ Ka1 {Accuracy: White = 40%, Black = 82%.} 0-1

[Event "19th Prague Open-A 2020"]
[Site "Prague"]
[Date "2020.01.11"]
[Round "2.12"]
[White "Saglam, Buelent"]
[Black "Priehoda, Vitezslav"]
[Result "1/2-1/2"]
[WhiteElo "2118"]
[BlackElo "2341"]
[Annotator "TA"]
[PlyCount "91"]
[EventDate "2020.01.10"]
[EventType "swiss"]
[EventCountry "CZE"]
[SourceTitle "playchess.com"]
[Source "ChessBase"]
[SourceQuality "1"]

{[%evp 14,91,0,-4,11,-15,11,2,-18,-16,0,0,0,0,0,0,0,0,0,0,22,-31,-29,-41,-30,-39,-33,-126,-42,-72,-60,-58,-46,-92,6,0,19,-137,-145,-160,-169,-238,-230,-240,-180,-183,-181,-175,-166,-177,-173,-689,-372,-361,-216,-204,-201,-218,-137,-203,-122,-123,-28,-40,-8,-10,0,0,0,0,0,0,0,0,0,0,0,0,0,0]} 1. d4 Nf6 2. c4 e6 3. Nc3 Bb4 4. e3 b6 5. Bd3 Bb7 6. Nf3 O-O 7. Qc2 d5 8. O-O Nbd7 {E43: Nimzo-Indian: Rubinstein: 4...b6} (8... dxc4 9. Bxc4 Nbd7 10. Rd1 Qe7 11. a3 Bxc3 12. Qxc3 c5 13. b4 Ne4 14. Qb3 Nd6 15. dxc5 Nxc4 {½-½ (15) Aleksandrov,A (2596)-Zhigalko,S (2655) Minsk 2016}) 9. a3 Be7 10. b3 dxc4 $146 ({Predecessor:} 10... c5 11. Re1 Rc8 12. Ne2 b5 13. Bd2 bxc4 14. bxc4 cxd4 15. Nfxd4 dxc4 16. Bxc4 Bd5 17. Rec1 Rxc4 {0-1 (32) Faqeeh,A (1488)-Romero Echeverria,A (2106) Baku 2016}) 11. bxc4 c5 12. d5 exd5 13. cxd5 c4 14. Bf5 Nc5 ({But not} 14... Nxd5 $6 15. Nxd5 Bxd5 16. Rd1 $16 (16. Bxh7+ Kh8 $11)) 15. e4 g6 16. Bh3 Re8 17. Re1 (17. Be3 $1 $11) 17... Nd3 $36 {[%mdl 2048] Black fights for an advantage.} 18. Re2 Nh5 19. g3 $1 Bf6 20. Ra2 (20. Bd2 $15) 20... a6 ({Black should play} 20... Bxc3 $1 $17 21. Qxc3 Qf6 22. Qxf6 Nxf6) 21. Ne1 Nxc1 22. Qxc1 b5 23. Nf3 Qc7 (23... Bg7 $1 $17 24. Qe1 Nf6) 24. Bg2 $11 Rad8 {[#]} 25. Qe1 $2 (25. e5 $1 $11 {[%mdl 512]} Rxe5 (25... Bxe5 26. Nxe5) 26. Nxe5 Bxe5 27. Qe3) 25... Bg7 $17 26. h3 Qa5 27. Nb1 (27. Nd1 $142 Qb6 28. Kh2) 27... Qxe1+ $19 28. Nxe1 f5 29. exf5 gxf5 30. Rxe8+ Rxe8 31. Nc2 f4 32. a4 $2 (32. d6 f3 33. Bf1) 32... fxg3 {aiming for ...b4!} 33. axb5 gxf2+ (33... axb5 $142 34. d6 {[#]} b4 $1 {[%mdl 512]}) 34. Kxf2 axb5 {Threatens to win with ...Nf4.} 35. Ra7 Ba8 36. Ra5 (36. d6 $17 {is a better defense.} Rf8+ 37. Kg1 Bxg2 38. Kxg2) 36... Nf4 37. Rxb5 Re2+ ({Black should try} 37... Rd8 $17 38. Bh1 Bf6) 38. Kf3 $11 Rxg2 39. Ne3 {The position is equal.} Rb2 40. Rxb2 Bxb2 41. Kxf4 {KBB-KNN} Bc1 42. Nc3 Bd2 43. Ne4 c3 {Strongly threatening ...c2.} 44. Nxd2 cxd2 45. Ke4 Kf7 46. Kd4 {Accuracy: White = 41%, Black = 43%.} 1/2-1/2

[Event "19th Prague Open-A 2020"]
[Site "Prague"]
[Date "2020.01.11"]
[Round "2.13"]
[White "Domogaev, Sergey"]
[Black "Sindler, Michal"]
[Result "1-0"]
[WhiteElo "2334"]
[BlackElo "2119"]
[Annotator "TA"]
[PlyCount "75"]
[EventDate "2020.01.10"]
[EventType "swiss"]
[EventCountry "CZE"]
[SourceTitle "playchess.com"]
[Source "ChessBase"]
[SourceQuality "1"]

{[%evp 19,75,0,20,-7,-18,-19,-17,-10,-31,-108,-105,-106,-96,-154,-145,-158,-138,-147,-114,-108,-60,-92,-38,-53,-37,-52,225,249,262,252,262,258,266,256,217,204,208,215,239,247,461,463,461,447,460,452,483,483,450,250,233,226,606,599,29994,29995,29995,29996]} 1. d4 Nf6 2. c4 g6 3. Nc3 Bg7 4. e4 d6 5. f4 c5 6. d5 O-O 7. Bd3 e6 8. dxe6 fxe6 9. Nf3 Nc6 10. O-O Nh5 11. g3 {E76: King's Indian: Four Pawns Attack: Lines specific to 6 Nf3 move-order} b6 12. f5 exf5 13. exf5 {The position is equal.} gxf5 {[#]} ({Much weaker is} 13... Bxf5 $6 14. Bxf5 Rxf5 15. g4 $16) 14. Ng5 $146 (14. Nh4 $15 Bd4+ 15. Kh1) ({Predecessor:} 14. Nd5 Qd7 15. Nh4 Bd4+ 16. Be3 Ng7 17. g4 {0-1 (31) Turov,M (2591)-Hillarp Persson,T (2544) Stockholm 2015}) 14... Bd4+ $17 15. Kg2 Ng7 16. h3 (16. Nd5 $142) 16... Ne5 {[%cal Bc6e5,Be5g6,Bg6f4,Bf4e2][%mdl 32]} 17. Be2 Bb7+ 18. Kh2 Ng6 19. Bf3 Rb8 20. Nb5 f4 ({Black should play} 20... Qf6 $17) 21. gxf4 $1 $15 Nxf4 22. Bxb7 Qxg5 $4 {[%mdl 8192] [#]} (22... Be5 $1 $15 {stays ahead.} 23. Bxf4 Rxf4 24. Rxf4 Qxg5 {[%mdl 64] Pin} 25. Bd5+ Kh8) 23. Bd5+ $1 $18 {[%mdl 512]} Kh8 {White must now prevent ...Be5!} (23... Nxd5 24. Rxf8+) 24. Nxd4 cxd4 25. Qxd4 {[%cal Rc1f4]} Qg3+ 26. Kxg3 Ne2+ 27. Kg2 Nxd4 {[#]} 28. Bd2 $1 Ndf5 29. Rae1 Rbe8 $2 (29... Nh4+ 30. Kg1 Ng6) 30. Bc3 Rxe1 31. Rxe1 h6 32. Kh2 Kh7 33. Be4 Nh5 34. Bd3 (34. Bc2 $142) 34... Nf4 35. Bc2 {And now Rf1 would win.} Kg6 $2 (35... Ng6 36. Re6 Nf4 37. Rxd6 Kg8) 36. Rg1+ Kh5 37. Bd1+ Kh4 38. Rg4+ {[%mdl 64] Double Attack. Accuracy: White = 63%, Black = 17%.} 1-0

[Event "19th Prague Open-A 2020"]
[Site "Prague"]
[Date "2020.01.11"]
[Round "2.14"]
[White "Niechotz, Christopher"]
[Black "Vokac, Marek"]
[Result "0-1"]
[WhiteElo "2107"]
[BlackElo "2334"]
[Annotator "TA"]
[PlyCount "84"]
[EventDate "2020.01.10"]
[EventType "swiss"]
[EventCountry "CZE"]
[SourceTitle "playchess.com"]
[Source "ChessBase"]
[SourceQuality "1"]

{[%evp 18,84,27,26,30,7,20,24,30,20,25,29,41,12,23,0,29,21,10,9,25,0,3,8,10,10,15,0,11,11,33,10,8,9,20,14,41,37,29,30,59,-51,-50,-51,-56,-48,-57,-74,-61,-109,-12,-13,-12,-27,-12,-15,-8,-10,0,-102,-107,-147,-137,-497,-520,-560,-552,-827,-827]} 1. c4 g6 2. g3 Bg7 3. Bg2 e5 4. Nc3 Nc6 5. d3 d6 6. Rb1 a5 7. a3 {[%cal Ba2a3,Ba3b4,Bb4b5,Bb5b6][%mdl 32]} Nf6 8. e4 O-O 9. Nge2 Be6 10. O-O Qd7 {A24: English Opening vs King's Indian: Lines without ...Nc6} 11. b4 axb4 12. axb4 Nh5 {White has an edge.} (12... Bh3 13. b5 Ne7 14. Bg5 Bxg2 15. Kxg2 c6 16. Qb3 h6 17. bxc6 bxc6 18. Bxf6 Bxf6 {0-1 (34) Toh,T (2410)-Bui,V (2485) Singapore 2006}) 13. b5 Nd8 $146 ({Predecessor:} 13... Ne7 14. Bb2 c6 15. f4 exf4 16. Nxf4 Nxf4 17. gxf4 d5 18. cxd5 cxd5 {½-½ (69) Borek,J (2105)-De Jong,M (2275) Groningen 1994}) 14. Nd5 f5 15. b6 c6 16. Nc7 Rc8 (16... Rb8 {feels hotter.} 17. Nxe6 Nxe6 18. exf5 gxf5 19. Bb2 Qf7) 17. Nxe6 Nxe6 18. exf5 gxf5 19. f4 exf4 20. Nxf4 Nhxf4 21. Bxf4 Rce8 22. Qh5 Bd4+ 23. Kh1 Ng7 24. Qf3 (24. Qh4 {with more complications.} Qe6 25. Bg5 Qe5 26. Bh3 Re6 27. Rf4) 24... Re6 25. Bh3 Qd8 26. Bd2 Rg6 27. Be3 Qf6 28. Qf2 Ne6 29. Bxf5 (29. Bxd4 $14 Nxd4 30. Qb2) 29... Qxf5 $15 30. Qxf5 Rxf5 31. Rxf5 {[#] Hoping for Bxd4.} Bxe3 32. Ra5 Rf6 33. Ra8+ Kg7 ({Better is} 33... Kf7 $17 34. Ra2 Bd4) 34. Rb8 $1 $11 {[%cal Rb8b7]} Nc5 35. Re1 $1 {[%cal Re1e3]} Bd4 36. Re7+ Kg6 37. Rg8+ Kh6 38. Kg2 (38. g4 $11 {remains equal.} Rg6 39. Rxg6+ Kxg6 40. h4) 38... Rf2+ $17 ({Reject} 38... Nxd3 $6 39. Rxb7 Rf2+ 40. Kh3 $11) 39. Kh3 {[#]} Be5 $1 40. Rxe5 $2 {[%mdl 8192]} (40. Ree8 $17 {is tougher.}) 40... dxe5 $19 {Black is clearly winning.} 41. g4 Nxd3 42. Kg3 e4 {Accuracy: White = 33%, Black = 35%.} 0-1